<?xml version="1.0" encoding="UTF-8"?>
<collection xmlns:xsi="http://www.w3.org/2001/XMLSchema-instance" xsi:schemaLocation="http://www.loc.gov/MARC21/slim http://www.loc.gov/standards/marcxml/schema/MARC21slim.xsd" xmlns="http://www.loc.gov/MARC21/slim">
 <record>
  <leader>00000nam a22000004a 4500</leader>
  <controlfield tag="001">UP-8027390931311665961</controlfield>
  <controlfield tag="003">Buklod</controlfield>
  <controlfield tag="005">20250226114308.0</controlfield>
  <controlfield tag="006">a     r    |||| u|</controlfield>
  <controlfield tag="007">ta</controlfield>
  <controlfield tag="008">250226s2023    xxu     r    |||| u|eng d</controlfield>
  <datafield tag="020" ind1=" " ind2=" ">
   <subfield code="a">9780357728345</subfield>
  </datafield>
  <datafield tag="037" ind1=" " ind2=" ">
   <subfield code="a">₱7,580.00</subfield>
   <subfield code="b">Forefront Book Co., INC</subfield>
  </datafield>
  <datafield tag="040" ind1="0" ind2=" ">
   <subfield code="a">OCLC</subfield>
   <subfield code="d">DCHE</subfield>
   <subfield code="e">rda</subfield>
  </datafield>
  <datafield tag="041" ind1="0" ind2=" ">
   <subfield code="a">eng</subfield>
  </datafield>
  <datafield tag="090" ind1=" " ind2=" ">
   <subfield code="a">RA 776.95 </subfield>
   <subfield code="b">T86 2023</subfield>
  </datafield>
  <datafield tag="100" ind1="0" ind2=" ">
   <subfield code="a">Tunks, Lisa</subfield>
   <subfield code="e">author.</subfield>
  </datafield>
  <datafield tag="245" ind1="1" ind2="3">
   <subfield code="a">An invitation to health </subfield>
   <subfield code="c">Lisa Tunks.</subfield>
  </datafield>
  <datafield tag="250" ind1=" " ind2=" ">
   <subfield code="a">20th edition.</subfield>
  </datafield>
  <datafield tag="264" ind1=" " ind2="0">
   <subfield code="a">Boston </subfield>
   <subfield code="b">Cengage</subfield>
   <subfield code="c">©2023</subfield>
  </datafield>
  <datafield tag="300" ind1=" " ind2=" ">
   <subfield code="a">xix, 586 pages</subfield>
   <subfield code="b">color illustrations</subfield>
   <subfield code="c">28 cm.</subfield>
  </datafield>
  <datafield tag="336" ind1=" " ind2=" ">
   <subfield code="a">text</subfield>
   <subfield code="2">rdacontent</subfield>
  </datafield>
  <datafield tag="337" ind1=" " ind2=" ">
   <subfield code="a">unmediated</subfield>
   <subfield code="2">rdamedia</subfield>
  </datafield>
  <datafield tag="338" ind1=" " ind2=" ">
   <subfield code="a">volume</subfield>
   <subfield code="2">rdacarrier</subfield>
  </datafield>
  <datafield tag="500" ind1=" " ind2=" ">
   <subfield code="a">Include index.</subfield>
  </datafield>
  <datafield tag="505" ind1="0" ind2="0">
   <subfield code="a">Taking charge of your health -- Emotional and spiritual well-being -- Caring for your mind -- Stress management -- Personal nutrition -- Body composition and weight management -- Physical activity and fitness -- Communicating and connecting -- Sexual health -- Reproductive options -- Sexually transmitted infections -- Major diseases -- Infectious diseases -- Consumer health -- Addictive behaviors and drugs -- Alcohol -- Tobacco and nicotine use -- Occupational and financial health -- A healthier environment -- A lifetime of health -- Answer to review questions -- Glossary -- Index.</subfield>
  </datafield>
  <datafield tag="520" ind1="0" ind2=" ">
   <subfield code="a">&quot;Achieve a healthier lifestyle -- physically, emotionally, socially, and sexually -- with An Invitation to Health, 20th Edition. In addition to integrated, up-to-date coverage of the Covid 19 pandemic, you'll find new research on such topics as happiness and health, current statistics on life expectancy and death rates, mental health and anxiety, navigating social media, Dietary Guidelines, immunization, stress levels, safer sex practices, substance abuse, dubious diets and trendy foods, fitness monitors, vaping and cannabinoids. The book's active learning strategies offer a special focus on healthy living on a budget, taking preventive measures for healthier outcomes and implementing practical strategies that turn small changes into big benefits.&quot;</subfield>
   <subfield code="c">Amazon.com</subfield>
  </datafield>
  <datafield tag="650" ind1=" " ind2="0">
   <subfield code="a">Self-care, Health.</subfield>
  </datafield>
  <datafield tag="650" ind1=" " ind2="0">
   <subfield code="a">Medicine, Preventive.</subfield>
  </datafield>
  <datafield tag="905" ind1=" " ind2=" ">
   <subfield code="a">FO</subfield>
  </datafield>
  <datafield tag="852" ind1="0" ind2=" ">
   <subfield code="a">UPD</subfield>
   <subfield code="b">DCHE</subfield>
   <subfield code="h">RA 776.95</subfield>
   <subfield code="i">T86 2023</subfield>
  </datafield>
  <datafield tag="942" ind1=" " ind2=" ">
   <subfield code="a">Book</subfield>
  </datafield>
 </record>
</collection>
